| 000 | 00690nam a2200193 i 4500 | ||
|---|---|---|---|
| 001 | 72127 | ||
| 003 | ES-MaACL | ||
| 005 | 20230906171330.0 | ||
| 007 | t| | ||
| 008 | 040826s1922 sp ||||1| spa d | ||
| 100 | 1 |
_aGilbert , Augustin. _9142271 |
|
| 245 | 1 | 0 |
_aFormulario práctico de Terapéutica y de Farmacología / _cpor A. Gilbert, Ch. Michel ; traducido y anotado de la vigésimonona edición francesa completamente refundida por Gustavo Reboles Campos. |
| 250 | _a28ª de. española. | ||
| 260 |
_aMadrid : _bBailly-Baillière, _c1922. |
||
| 300 |
_a944 p. ; _c15 cm. |
||
| 700 | 1 |
_aMichel, Ch. _980890 |
|
| 700 | 1 |
_aReboles Campos, Gustavo. _995702 |
|
| 852 |
_aES-MaACL _jE-1241 |
||
| 999 |
_c72127 _d72127 |
||